000 00430nam a2200181Ia 4500
001 2395
005 20260306144803.0
008 260306t1994||||xx |||||||||||||| ||spa||
041 _aESP
082 _a616.89
_bF85
100 _aFromm, Erich (1900-1980)
_eAUT
245 0 _aLa patología de la normalidad
260 _c1994
300 _a195 páginas :
_c19 cm.
650 _aGEN
654 _aCPS
942 _cLIB
_dJUS
_fJUS
_2ddc
_n
999 _c2395
_d2395